[Event "Antofagasta Zicosur op 1st"]
[Site "Antofagasta"]
[Date "2015.01.10"]
[Round "9"]
[White "Flores Honores, Patricio Antonio"]
[Black "Barria Villarroel, Emilio Alfonso"]
[Result "1-0"]
[WhiteElo "2086"]
[BlackElo "1850"]
[PlyCount "87"]
[EventDate "2015.01.05"]
[EventType "swiss"]
[EventRounds "10"]
[EventCountry "CHI"]
[SourceTitle "CBM 164 Extra"]
[Source "ChessBase"]
[SourceDate "2015.03.02"]
[SourceVersion "1"]
[SourceVersionDate "2015.03.02"]
[SourceQuality "1"]

1. d4 d5 2. c4 c6 3. Nf3 Nf6 4. Nc3 g6 5. e3 Bg7 6. Be2 Nbd7 7. 0-0 0-0 8. Rb1 Re8 9. cxd5 cxd5 10. Qb3 e6 11. Bd2 Ne4 12. Rfc1 Qb6 13. Nb5 Rb8 14. Bb4 Kh8 15. Qa3 Bf8 16. Bxf8 Rxf8 17. Qxa7 Qxa7 18. Nxa7 Ra8 19. Nxc8 Rfxc8 20. a3 Nd6 21. Bd3 Kg7 22. Kf1 Kf6 23. Ke2 Ke7 24. Rc2 Rxc2+ 25. Bxc2 Nb6 26. Nd2 Rc8 27. Bd3 h6 28. Kd1 Na4 29. Bc2 Nb6 30. Bb3 Kd7 31. Rc1 Ra8 32. Ke2 Nf5 33. Bc2 Nd6 34. Bd3 Na4 35. Rc2 b5 36. b3 Nb6 37. Nb1 Ra7 38. Kd2 g5 39. Rc5 Ra5 40. Kc3 f6 41. Kb4 Ra8 42. Nc3 Nb7 43. Bxb5+ Kd8 44. Rc6 1-0

[Event "Antofagasta Zicosur op 1st"]
[Site "Antofagasta"]
[Date "2015.01.09"]
[Round "8"]
[White "Barria Villarroel, Emilio Alfonso"]
[Black "Nunez Donaire, Gabriel Alonso"]
[Result "1-0"]
[WhiteElo "1850"]
[BlackElo "1560"]
[PlyCount "113"]
[EventDate "2015.01.05"]
[EventType "swiss"]
[EventRounds "10"]
[EventCountry "CHI"]
[SourceTitle "CBM 164 Extra"]
[Source "ChessBase"]
[SourceDate "2015.03.02"]
[SourceVersion "1"]
[SourceVersionDate "2015.03.02"]
[SourceQuality "1"]

1. e4 d6 2. d4 Nf6 3. Bd3 g6 4. Nf3 Bg7 5. Bg5 0-0 6. Qd2 Nbd7 7. Bh6 e5 8. d5 Nc5 9. Bxg7 Kxg7 10. Nc3 c6 11. b4 Nxd3+ 12. Qxd3 cxd5 13. Nxd5 Nxd5 14. Qxd5 Qb6 15. a3 Be6 16. Qd3 Rac8 17. Nd2 Qc6 18. 0-0 Qxc2 19. Qxd6 Qc7 20. Qxc7 Rxc7 21. Rfc1 Rfc8 22. Rxc7 Rxc7 23. f3 Rc2 24. Nf1 Rc3 25. Kf2 Rc2+ 26. Kg3 Rc3 27. Kf2 Rc2+ 28. Kg1 Rc3 29. Ng3 Bc4 30. Nh1 h5 31. Nf2 Bb3 32. h4 Be6 33. Nd1 Rb3 34. Kf2 f5 35. exf5 gxf5 36. Ke2 Bc4+ 37. Kf2 Be6 38. Ke2 Bc4+ 39. Kf2 Be6 40. Ke1 Bc4 41. Rc1 Bd5 42. Rc3 Rxc3 43. Nxc3 Bc6 44. Kf2 Kf6 45. g3 a6 46. Ke3 Ke6 47. Ke2 b5 48. Ke3 Kf6 49. Ne2 Bd5 50. f4 e4 51. Kd4 Ke6 52. Nc3 Bb7 53. Kc5 Kd7 54. Nd1 Kc7 55. Ne3 Bc8 56. Kd5 Kd7 57. Nxf5 1-0

[Event "Antofagasta Zicosur op 1st"]
[Site "Antofagasta"]
[Date "2015.01.07"]
[Round "5"]
[White "Munoz Contreras, Nelson"]
[Black "Barria Villarroel, Emilio Alfonso"]
[Result "1-0"]
[WhiteElo "2115"]
[BlackElo "1850"]
[PlyCount "115"]
[EventDate "2015.01.05"]
[EventType "swiss"]
[EventRounds "10"]
[EventCountry "CHI"]
[SourceTitle "CBM 164 Extra"]
[Source "ChessBase"]
[SourceDate "2015.03.02"]
[SourceVersion "1"]
[SourceVersionDate "2015.03.02"]
[SourceQuality "1"]

1. d4 d5 2. Bg5 g6 3. Nc3 Bg7 4. Nf3 Nf6 5. Qd2 c6 6. Bh6 0-0 7. Bxg7 Kxg7 8. e3 b5 9. Bd3 a5 10. Ne5 Qc7 11. 0-0 Nbd7 12. f4 b4 13. Na4 c5 14. b3 Ba6 15. Bxa6 Rxa6 16. Qd3 Raa8 17. Nxd7 Nxd7 18. dxc5 Nxc5 19. Qd4+ f6 20. Nxc5 Qd6 21. Nd3 Rfc8 22. Rf2 Ra6 23. f5 g5 24. Rd1 Rac6 25. Ne1 Rc5 26. Rfd2 e5 27. fxe6 Qxe6 28. Re2 Qe5 29. Nf3 Qe4 30. Qxe4 dxe4 31. Nd4 Kg6 32. g4 Rc3 33. Nf5 R3c7 34. Rd5 h5 35. h3 hxg4 36. hxg4 Rh8 37. Rh2 Rxh2 38. Kxh2 Rxc2+ 39. Kg3 Kf7 40. Rxa5 Re2 41. Ra7+ Kf8 42. Ra4 Ke8 43. Rxb4 Rxa2 44. Rxe4+ Kd8 45. Re6 Rb2 46. Nd4 Rb1 47. Kg2 Rb2+ 48. Kf3 Rb1 49. Ke4 Rf1 50. b4 Rg1 51. Kf3 Kd7 52. b5 Re1 53. b6 Rg1 54. Rc6 Rd1 55. Rc7+ Kd8 56. Nc6+ Ke8 57. Re7+ Kf8 58. b7 1-0

[Event "Antofagasta Zicosur op 1st"]
[Site "Antofagasta"]
[Date "2015.01.06"]
[Round "3"]
[White "Pichot, Alan"]
[Black "Barria Villarroel, Emilio Alfonso"]
[Result "1-0"]
[WhiteElo "2480"]
[BlackElo "1850"]
[PlyCount "63"]
[EventDate "2015.01.05"]
[EventType "swiss"]
[EventRounds "10"]
[EventCountry "CHI"]
[SourceTitle "CBM 164 Extra"]
[Source "ChessBase"]
[SourceDate "2015.03.02"]
[SourceVersion "1"]
[SourceVersionDate "2015.03.02"]
[SourceQuality "1"]

1. e4 e5 2. Nf3 Nc6 3. Bb5 d6 4. d4 Bd7 5. Nc3 Nf6 6. 0-0 Be7 7. Re1 exd4 8. Nxd4 Ne5 9. f4 Bxb5 10. fxe5 Ba6 11. exf6 Bxf6 12. Nd5 Be5 13. Nf3 c6 14. Nc3 Bf6 15. e5 dxe5 16. Qxd8+ Rxd8 17. Nxe5 0-0 18. Bf4 Rfe8 19. Rad1 h6 20. Rxd8 Rxd8 21. Ne4 Bh4 22. Bg3 Be7 23. Bf2 f5 24. Nc5 Bxc5 25. Bxc5 Rd2 26. Ng6 b6 27. Bb4 Rxc2 28. Bc3 Kf7 29. Ne5+ Kf8 30. Rd1 Ke8 31. Nxc6 g6 32. Nb4 1-0